00696 a2200193 4500952014800000999001700148003000400165005001700169008004100186020001800227020001500245040000900260082001800269100004100287245007200328260004600400300001400446942004200460 00102ddc40708TOURISMaMESbMEScTOURISM d2022-10-11e54g792.00l0o333.79 SAJ/Ip41659r2022-10-11 00:00:00v990.00w2022-10-11yBKzU2R1 c41613d41613OSt20221010153703.0221010b ||||| |||| 00| 0 eng d a9788121206501 a8121206219 coclc a333.79bSAJ/I1 99175aSajnani, M.d1965-q(Manohar), aIndan tourism business:bA legal perspective /cDr. Manohar Sajnani aNew Delhi:bGyan publishing house,c2019. a267 pages 2ddccBKh333.79iSAJ/Ik333.79mSAJ/I